000 00957nas a2200277 4500
001 BR8206046
003 BR-BrBNA
005 20231205085325.0
007 ta
008 230509b bl.|||p| |||| 00| 00por d
040 _aBR-BrBNA
_bpor
_cBiblioteca Nacional de Agricultura
041 _a(Pt)
072 _aK50
100 1 _aCarneiro, M.G.
100 1 _aFerraz, E.S. de B.
100 1 _aTomazello Filho, M.
111 1 _aCongresso Nacional sore Essencias Nativas
_cCampos de Jordao, SP (Brazil)
_d12 Sep 1982
245 1 _aPolimerizacao de metacrilato de metila em madeira de Schizolobium parayba (Vell.)Blake (Guapuruvu)atraves de processo termico
650 _aGUAPURUVU
650 _aPRESERVACAO DA MADEIRA
650 _aTEMPERATURA
650 _aRAIO GAMA
773 0 _tSilvicultura em Sao Paulo (Brazil)
_xISSN 0583-3132
_g(1982), v. 16-A(pt. 2) p. 1367-1372
_wBR8206046
909 _a202311
_bLúcia
_c55
_dLúcia Elande
942 _2AGRIS
_n0
_cANA
999 _c110716
_d110716